LEADER 00726nam2 2200229 450 001 000003036 005 20180907114342.0 100 $a20010712d1934----km-y0itay50------ba 101 0 $aita 102 $aIT 200 1 $a1891-1900$fEpicarmo Corbino 210 $aCittą di Castello$ccoi tipi della societą tip. "Leonardo da Vinci"$d1934 215 $aVol. 4: XII, 409 p.$d24 cm 461 1$1001000003033$12001$aAnnali dell'economia italiana$vvolume 4 610 1 $aItalia$aEconomia$a1891-1990 676 $a330.945084 700 1$aCorbino,$bEpicarmo$068068 801 0$aIT$bUNIPARTHENOPE$gRICA$2UNIMARC 912 $a000003036 951 $cNAVA4$a330/103 [IV]$b2633$d20010712 996 $a1891-1900$91223646 997 $aUNIPARTHENOPE